| 000 | 00614nam a2200229Ia 4500 | ||
|---|---|---|---|
| 003 | OSt | ||
| 005 | 20220928125206.0 | ||
| 006 | a|||||r|||| 00| 0 | ||
| 007 | ta | ||
| 008 | 220927b |||||||| |||| 00| 0 eng d | ||
| 024 | _a51415 | ||
| 037 | _cTextual | ||
| 040 |
_aSDCL _cSDCL _beng |
||
| 041 |
_2eng _aeng |
||
| 082 | _aR4vW'c, K8 | ||
| 100 | _aJauhari Manorama | ||
| 245 | 0 | _aPolitics and Ethics in Ancient India . | |
| 260 |
_aVaranasi _bBharatiya Vidya Prakashan _c1968 |
||
| 300 |
_axvii,393p. _ccm. |
||
| 942 |
_hR4vW'c, K8 _cTEXL _2CC |
||
| 999 |
_c781538 _d781538 |
||